书目信息 |
| 题名: |
中国舞蹈艺术鉴赏指南
|
|
| 作者: | 黄明珠 著 | |
| 分册: | ||
| 出版信息: | 上海 上海音乐出版社 2001 |
|
| 页数: | 457页 | |
| 开本: | 20cm | |
| 丛书名: | ||
| 单 册: | ||
| 中图分类: | J705.2 | |
| 科图分类: | ||
| 主题词: | 舞蹈艺术--艺术评论--中国 , 舞蹈艺术--鉴赏--中国 | |
| 电子资源: | ||
| ISBN: | 7-80553-929-4 | |
| 000 | 00697nam0 2200229 45 | |
| 001 | (011001)c2001037432 | |
| 005 | 20041209111545.7 | |
| 010 | @a7-80553-929-4@dCNY25.00 | |
| 100 | @a20010416d2001 em y0chiy0110 ea | |
| 101 | 0 | @achi |
| 102 | @aCN@b310000 | |
| 105 | @aa z 000yy | |
| 200 | 1 | @a中国舞蹈艺术鉴赏指南@AZhong Guo Wu Dao Yi Shu Jian Shang Zhi Nan@f黄明珠著@FHuang Ming Zhu Zhu |
| 210 | @a上海@c上海音乐出版社@d2001 | |
| 215 | @a457页@c照片@d20cm | |
| 300 | @a本书荣获1999年福建师范大学陈德仁育才基金奖 | |
| 606 | 0 | @a舞蹈艺术@x艺术评论@y中国 |
| 606 | 0 | @a舞蹈艺术@x鉴赏@y中国 |
| 690 | @aJ705.2@v4 | |
| 701 | 0 | @a黄明珠@4著 |
| 801 | @aCN@bTSTC@c20030401 | |
| 905 | @dJ705.2@e38 | |
| 中国舞蹈艺术鉴赏指南/黄明珠著.-上海:上海音乐出版社,2001 |
| 457页:照片;20cm |
| 本书荣获1999年福建师范大学陈德仁育才基金奖 |
| ISBN 7-80553-929-4:CNY25.00 |
| ● |
| 相关链接 |
|
|
|
|
正题名:中国舞蹈艺术鉴赏指南
索取号:J705.2/38
 
预约/预借
| 序号 | 登录号 | 条形码 | 馆藏地/架位号 | 状态 | 备注 |
| 1 | 0321904 | 203219043 | 第一借阅区/ [索取号:J705.2/38] | 在馆 | |
| 2 | 0321905 | 203219052 | 第一借阅区/ [索取号:J705.2/38] | 在馆 | |
| 3 | 0321906 | 203219061 | 第一借阅区/ [索取号:J705.2/38] | 在馆 | |
| 4 | 0321907 | 203219070 | 第一借阅区/ [索取号:J705.2/38] | 在馆 | |
| 5 | 0321908 | 203219089 | 第一样本阅览室/ [索取号:J705.2/38] | 在馆 | |
| 6 | 0348980 | 203489803 | 第一借阅区/ [索取号:J705.2/38] | 在馆 | |
| 7 | 0348981 | 203489812 | 第一借阅区/ [索取号:J705.2/38] | 在馆 | |
| 8 | 0348982 | 203489821 | 第一借阅区/ [索取号:J705.2/38] | 在馆 | |
| 9 | 0348983 | 203489830 | 第一借阅区/ [索取号:J705.2/38] | 在馆 | |
| 10 | 0348984 | 203489849 | 第一借阅区/ [索取号:J705.2/38] | 在馆 |